00930nam a2200241 a 450000100100000000500170001000800410002704000250006808200150009310000380010824500780014626000440022430000230026849000510029149000330034250400300037559000270040565000320043283000560046483000380052095201130055899900170067100004648220201002052913.0090909s1997 dr 000 0 spa d aDO-SdBNPbspacBNPHU a461bG643o1 aGonzález Tapia, Carlisle91792910aOtro texto sobre lengua española básica /cCarlisle González Tapia. aSanto Domingo, :bUniversitaria,c1997. a157 p. : ;c21 cm.1 aUniversidad Autónoma de Santo Domingo ;v8061 aLinguistica y sociedad ;v11 aBibliográfia p: 155-157 aInventariado, 2018/ YL 4aEspañolxEnseñanza9406 0aUniversidad Autónoma de Santo Domingon806974477 0aLinguistica y sociedadn11974478 0010718PDaPDbPDcCTd2015-08-19iLF1l0o461 G643op46482-10r2020-06-25w2020-06-25yLFPDZNo se presta c45971d45971